000 00237nam a2200109Ia 4500
100 _aMehta/V.G.
942 _cBK
245 _aIncome tax ready reckoner 2010-2011
260 _bShri Kuber Publ.
_aMumbai
546 _aENGLISH
999 _c35707
_d35707